| 000 | 00491nam a2200205Ia 4500 | ||
|---|---|---|---|
| 005 | 20250425162757.0 | ||
| 008 | 250425s9999 xx 000 0 und d | ||
| 041 | _aeng | ||
| 082 | _a032 | ||
| 100 | _aCOUCH, WILLIAM T. | ||
| 245 | 0 | _aCOLLIER'S ENCYCLOPEDIA: COQ - EAU | |
| 250 | _aS.E. | ||
| 260 |
_aEstados Unidos _bP. F. COLLIER & SON _c1959 |
||
| 260 | _aNEW YORK | ||
| 300 | _a668 | ||
| 650 | _aENCICLOPEDIAS | ||
| 700 | _aCRAWFORD, DAVID | ||
| 942 | _c01 | ||
| 010 | _a108196 | ||
| 999 |
_c236219 _d236219 |
||